All-India directory of industrial establishments (list of registered factories, 1978) (Record no. 491749)

000 -LEADER
fixed length control field 00572cam a22001217a 4500
008 - FIXED-LENGTH DATA ELEMENTS--GENERAL INFORMATION
fixed length control field 180718b1978 xxu||||| |||| 00| 0 eng d
082 ## - DEWEY DECIMAL CLASSIFICATION NUMBER
Classification number T2055x54 Al51
245 ## - TITLE STATEMENT
Title All-India directory of industrial establishments (list of registered factories, 1978)
Statement of responsibility, etc. by Labour Bureau, Ministry of Labour and Rehabilitation
260 ## - PUBLICATION, DISTRIBUTION, ETC.
Place of publication, distribution, etc. Shimla
Name of publisher, distributor, etc. Labour Bureau, Ministry of Labour and Rehabilitation
Date of publication, distribution, etc. 1978
300 ## - PHYSICAL DESCRIPTION
Extent -v-
500 ## - GENERAL NOTE
General note Contents: v.1.159p.; v.2. 172p.; v.3. 146p.; v.4. 179p; v.5. 371p.; v.6. 371p.
700 ## - ADDED ENTRY--PERSONAL NAME
Personal name India. Ministry of Labour and Rehabilitation. Labour Bureau
Holdings
Withdrawn status Lost status Damaged status Not for loan Permanent Location Current Location Date acquired Full call number Barcode Date last seen Price effective from Koha item type
        Indian Institute of Public Administration Indian Institute of Public Administration 2018-08-04 T2055x54 Al51 GG19794 2018-08-04 2018-08-04 GG
        Indian Institute of Public Administration Indian Institute of Public Administration 2018-08-04 T2055x54 Al51 GG19793 2018-08-04 2018-08-04 GG
        Indian Institute of Public Administration Indian Institute of Public Administration 2018-08-04 T2055x54 Al51 GG19792 2018-08-04 2018-08-04 GG
        Indian Institute of Public Administration Indian Institute of Public Administration 2018-08-04 T2055x54 Al51 GG19791 2018-08-04 2018-08-04 GG
        Indian Institute of Public Administration Indian Institute of Public Administration 2018-08-04 T2055x54 Al51 GG19790 2018-08-04 2018-08-04 GG
        Indian Institute of Public Administration Indian Institute of Public Administration 2018-08-04 T2055x54 Al51 GG19789 2018-08-04 2018-08-04 GG

Powered by Koha